000 00695nam a2200181 a 4500
008 071017s1996 ||||||||||||||||| || u
020 _a0821335545
050 _aIBRD(06)CS/1996/4
110 _aWorld Bank
245 1 0 _aPacific Island economies: building a resilient economic base for the twenty-first century
260 _aWashington, D.C.
_bWorld Bank
_c1996
300 _axx, 144p. : ill.
350 _a0.00
490 _aWorld Bank Country Study
650 _aOCEANIA--ECONOMIC CONDITIONS
650 _aOCEANIA--COMMERCE
995 _D0.00
_FCBU-MAIN LIBRARY (Kitwe)
_H1
_I0.00
_M1
_UAVAILABLE
_WOct 17, 2007
_ZInternational Publications
999 _c53061
_d53061